| 000 | 01711nam0a2200373 i 4500 | ||
|---|---|---|---|
| 001 | RU\NLR\BIBL_A\011120470 | ||
| 005 | 20241105191125.0 | ||
| 010 | _a9785905942983 | ||
| 021 |
_aRU _b2016-834и _969и |
||
| 035 | _a(NILC)RuMoRGB-008467476 | ||
| 035 | _a(NLR Aleph) 011120470 | ||
| 090 |
_a11518239 _c11518239 |
||
| 100 | _a20160510d2015 um y0rusy50 ca | ||
| 101 | 0 |
_arus _aeng |
|
| 102 | _aRU | ||
| 105 | _aac||z||||00zd | ||
| 200 | 1 |
_aСергей Стародубцев. Живопись. Графика _dSergey Starodubtsev. Painting. Graphics _e[альбом _fинтервью: Светлана Мосова _gст.: к. иск. О. Н. Савицкая _gвоспоминания: П. В. Обух, А. Петренко. Л. Н. Дутов и др.] _zeng |
|
| 210 |
_aСанкт-Петербург _cНП-Принт _d2015 |
||
| 215 |
_a213 с. _cил., цв. ил., портр. _d31 |
||
| 300 | _aТекст парал. на рус. и англ. яз. | ||
| 510 | 1 |
_6z11790 _aSergey Starodubtsev. Painting. Graphics _zeng |
|
| 600 | 1 |
_aСтародубцев _bС. В. _f1951 _gСергей Валентинович _jАльбомы _92284556 _3RU\NLR\AUTH\6601596516 |
|
| 675 | _a75/76 | ||
| 686 | 1 | _aЩ143(2Р=Рус)7-8Стародубцев я61 | |
| 686 | 1 | _aЩ153(2Р=Рус)7-8Стародубцев я61 | |
| 700 | 1 |
_aСтародубцев _bС. В. _f1951- _gСергей Валентинович |
|
| 790 | 1 |
_6z11510 _aStarogubcev _bS. V. _gSergej Valentinovic |
|
| 801 | 0 |
_aRU _bРГБ _c20160421 _gRCR |
|
| 801 | 1 |
_aRU _bРГБ _c20160421 _2rusmarc |
|
| 942 | _cBOOK | ||
| 980 | _aNBR | ||